Liberty Head Football Coaches by Picture - Statistics

General Stats
  • This quiz has been taken 9 times
  • The average score is 3 of 10
Answer Stats
Picture Hint Answer % Correct
2019-2022 Hugh Freeze
86%
2023-Present Jamey Chadwell
86%
2012-2018 Turner Gill
57%
2006-2011 Danny Rocco
14%
1989-1999 Sam Rutigliano
14%
1974-1976 John Cartwright
0%
2000-2005 Ken Karcher
0%
1973 Lee Royer
0%
1984-1988 Morgan Hout
0%
1977-1983 Tom Dowling
0%
No matching quizzes found
Score Distribution
Percent of People with Each Score
Percentile by Number Answered
Your Score History
You have not taken this quiz